Football y Mondialisation. Futebol e mundializacao /
El siguiente es una breve reseña del libro Fútbol y globalización. En el libro se presentan seis artículos titulados: El fútbol: estado supremo de la globalización, Los campeones de la identidad nacional, El mundial más que la guerra mundial, Quién gobierna el fútbol y finalmente: Fútbol y racismo...
Збережено в:
| Автор: | |
|---|---|
| Формат: | Текст |
| Предмети: | |
| Теги: |
Додати тег
Немає тегів, Будьте першим, хто поставить тег для цього запису!
|
MARC
| LEADER | 00000 a a2200000 04500 | ||
|---|---|---|---|
| 001 | 8325 | ||
| 003 | |||
| 040 | |||
| 100 | |a Ribeiro, Luiz Carlos | ||
| 245 | |a Football y Mondialisation. Futebol e mundializacao / |c Luiz Carlos Ribeiro | ||
| 520 | |a El siguiente es una breve reseña del libro Fútbol y globalización. En el libro se presentan seis artículos titulados: El fútbol: estado supremo de la globalización, Los campeones de la identidad nacional, El mundial más que la guerra mundial, Quién gobierna el fútbol y finalmente: Fútbol y racismo | ||
| 650 | |a FUTBOL | ||
| 650 | |a GLOBALIZACION | ||
| 650 | |a BRASIL | ||
| 773 | |g volumen 23, número 44; páginas 223-228 | ||
| 999 | |c 24568 |d 24568 | ||
